Statistics for Chess Pictorial Quiz

Click here to take the quiz!

General Stats

  • This quiz has been taken 74 times
  • The average score is 7 of 8

Answer Stats

Answer% Correct
Black King
96%
Black Queen
96%
White Rook
96%
White Knight
94%
Black Pawn
93%
White Bishop
91%
Bobby Fischer
88%
Anatoly Karpov
71%

Score Distribution

Percentile by Number Answered

Percent of People with Each Score

Your Score History

You have not taken this quiz